000 00273nam a2200121Ia 4500
005 20251222155114.0
008 251222s9999||||xx |||||||||||||| ||spa||
082 _aETI.85
100 _aHERNANDEZ GARCIA.
245 0 _aEtica profesional
264 _bNo tiene
942 _cLIB
999 _c38166
_d38166